00209nam a2200085 a 450000500170000000800410001705000170005810000200007524500280009520140414132034.0110315s19uu xx 00 eng d aTRbR87 1986 aHofmann, Ginnie aThe runaway teddy bear.